Culture Générale - Série 641 - Statistiques

Statistiques générales
  • Ce quiz a été pris 134 fois
  • Le résultat moyen est 7 sur 10
Statistiques - réponses
Question Réponse % Correct
Combien d'épreuves d'athlétisme comporte l'heptathlon ? 7
97%
Quelle partie d'une chaussure peut-être "aiguille" ou "bobine" ? talon
95%
Dans un jeu de 54 cartes, sur quelle carte peut-on traditionnellement voir un bouffon ? joker
88%
Quel cap, situé sur la côte est de la Floride, sert de principale base de lancement des fusées de la Nasa ? Cap Canaveral
83%
Complétez le titre d'une chanson d'Adamo : "Vous permettez... Monsieur
75%
Quel est le nom de famille du personnage interprété par Anthony Hopkins dans le film "Hannibal" ? Lecter
73%
Quel est le nom des chutes d'eau, hautes de 108 mètres, situées entre la Zambie et le Zimbabwe ? Les chutes Victoria
69%
Dans quel dessin animé de Walt Disney de 1955, la chienne Lady est-elle confiée à Tante Sarah ? La Belle et le Clochard
61%
Quel pays est arrosé par le fleuve Murray et son principal affluent la rivière Darling ? Australie
36%
Quelle actrice a été nominée aux Oscars pour son rôle dans le film "Taxi Driver" ? Jodie Foster
32%
Aucun quiz correspondant
Distribution des résultats
% des personnes avec chaque résultat
Percentile par nombre de réponses
Votre historique - résultats
Vous n’avez pas pris ce quiz